000 00363nam a2200145Ia 4500
008 230917s9999||||xx |||||||||||||| ||und||
040 _e215295
_aMAIN
041 _aEnglish
082 _a320.50954 S64I
100 _aSingh, Aakash
245 0 _aIndian political thought: A reader
260 _aLondon
_bRoutledge
_c2010
300 _axiii, 309 p.
942 _cBK
999 _c175320
_d175320